Statistics for Guess the Number in Lyrics Quiz

Click here to take the quiz!

General Stats

  • This quiz has been taken 8 times
  • The average score is 3 of 10

Answer Stats

HintAnswer% Correct
It's like _____ spoons when all you need is a knifeten thousand
80%
I got my first real six-string
Bought it at the five and dime
Played it 'til my fingers bled
Was the summer of _____
sixty nine
60%
It's been six months, eight days, _____ hours
Since you went away
twelve
60%
When you mean it, I'll believe it, if you text it I'll delete it
Let's be clear
Oh, I'm not coming back
You're taking _____ steps here
seven
20%
_____ : Don't be his friend
You know you're gonna wake up in his bed in the mornin'
three
20%
I remember date and time
September 22nd, Sunday, _____ after nine
twenty five
20%
I don't know about you, but I'm feeling _____
Everything will be alright if you keep me next to you
twenty two
20%
_____, make you fall in love with me
If ever I believe my work is done
Then I'll start back at one
five
0%
It's been nine days
Eight hours, _____ minutes, ten seconds
Since you called
forty
0%
Party like, like it's the end of the world
We gonna party like, like it's _____
two thousand twelve
0%

Score Distribution

Percentile by Number Answered

Percent of People with Each Score

Your Score History

You have not taken this quiz